| 000 | 00494nam a22001337a 4500 | ||
|---|---|---|---|
| 040 | _cNUST | ||
| 082 | _a220 PRO | ||
| 100 |
_aMateen Ahmad Nouman Ashfaq _9122816 |
||
| 110 |
_aUPERVISOR Lecturer Usman Zia PROJECT CO-SUPERVISOR Dr. Hasan Aftab Saeed _9122817 |
||
| 245 | _aPR-SOF-2306-Design and Fabrication of a Bench Top Pellet Filament Extruder System for 3-D Printing Applications | ||
| 260 |
_aISLAMABAD: _bNUST COLLEGE OF EME, _c2023. |
||
| 650 |
_aDE-MECH-41 _9122750 |
||
| 942 |
_2ddc _cPR |
||
| 999 |
_c609241 _d609241 |
||